Самореализация личности, её формы (интерпретация в границах молодёжной субкультуры); Трансформация научных парадигм и коммуникативные практики в информационном социуме

Manylion Llyfryddiaeth
Parent link:Трансформация научных парадигм и коммуникативные практики в информационном социуме.— 2009.— С. 182-184
Prif Awdur: Хомякова Е. И. Екатерина Ивановна
Iaith:Rwseg
Cyhoeddwyd: 2009
Pynciau:
Fformat: Pennod Llyfr
KOHA link:https://koha.lib.tpu.ru/cgi-bin/koha/opac-detail.pl?biblionumber=208371

MARC

LEADER 00000naa2a2200000 4500
001 208371
005 20231031191433.0
035 |a (RuTPU)RU\TPU\book\227492 
090 |a 208371 
100 |a 20120202d2009 k y0rusy50 ca 
101 0 |a rus 
102 |a RU 
200 1 |a Самореализация личности, её формы (интерпретация в границах молодёжной субкультуры)  |f Е. И. Хомякова 
320 |a Библиогр.: 8 назв. 
463 0 |0 (RuTPU)RU\TPU\book\208739  |t Трансформация научных парадигм и коммуникативные практики в информационном социуме  |o сборник научных трудов, Томск, 20-21 октября 2009 г.  |f Томский политехнический университет (ТПУ) ; под ред. В. Г. Рубанова  |v С. 182-184  |d 2009  |p 363 с. 
610 1 |a личность 
610 1 |a самореализация 
610 1 |a молодежная субкультура 
610 1 |a молодёжь 
610 1 |a социализация 
610 1 |a труды учёных ТПУ 
700 1 |a Хомякова  |b Е. И.  |c специалист в области социальной коммуникации  |c аспирант Томского политехнического университета  |f 1985-  |g Екатерина Ивановна  |2 stltpush  |3 (RuTPU)RU\TPU\pers\29068 
801 1 |a RU  |b 63413507  |c 20120202 
801 2 |a RU  |b 63413507  |c 20120523  |g RCR 
942 |c BK